000 00682nam a2200121Ia 4500
008 171212s9999 xx 000 0 und d
020 _a9781607325956
245 _ceditor Rosenfeld, Silvana;Bautista, Stefanie
_aRituals of the Past
_bPrehispanic and Colonial Case Studies in Andean Archaeology
260 _bUniversity Press of Colorado
_c2017
650 _aArchaeology
650 _aIndians of South America -- Andes Region -- Rites and ceremonies; Indians of South America -- Peru -- Rites and ceremonies; Excavations (Archaeology) -- Andes Region; Excavations (Archaeology) -- Peru; Andes Region -- Antiquities; Peru -- Antiquities
856 _uhttp://jstor.org/stable/j.ctt1mtz7j7
999 _c353165
_d353165